El Espacio público : ciudad y ciudadanía / [texto: ] Jordi Borja, Zaida Muxí ciudad y ciudadanía / [texto:
ISBN:
84-7794-904-2
Descripción Física:
415 p. : il. ; 24 cm
Colección:
Espacio público
Otros Autores:
Muxí, Zaida
MARC
| LEADER | 00000nam a2200000Ia 4500 | ||
|---|---|---|---|
| 001 | 15103 | ||
| 008 | 160829s2003 xx 000 0 cat d | ||
| 020 | |a 84-7794-904-2 | ||
| 080 | |a B-2-28 | ||
| 100 | |a Borja, Jordi |9 36023 | ||
| 245 | |a El Espacio público : |b ciudad y ciudadanía / [texto: |b ] Jordi Borja, Zaida Muxí | ||
| 250 | |a Ed. en castellano | ||
| 260 | |a [Barcelona] : |b Diputació Barcelona, Xarxa de Municipis : |b Electa, |c 2003 | ||
| 300 | |a 415 p. : |b il. ; |c 24 cm | ||
| 490 | |a Espacio público | ||
| 590 | |a Existeix una edició en català. | ||
| 590 | |a Bibliografia | ||
| 650 | |a Urbanisme |9 30914 | ||
| 650 | |a Sociologia urbana |9 36646 | ||
| 650 | |a Ciutats |9 37645 | ||
| 700 | |a Muxí, Zaida |9 36025 | ||
| 710 | |a Barcelona (Catalunya : Província). |b Oficina Tècnica de Cooperació |9 53580 | ||
| 901 | |a Arxiu | ||
| 942 | |n 1 | ||
| 952 | |0 0 |1 0 |4 0 |6 B228 |7 1 |9 47154 |a Arxiu |b Arxiu |d 2016-12-01 |l 0 |o B-2-28 |p 15103 |r 2016-12-01 00:00:00 |w 2016-12-01 |y ARXIU | ||
| 999 | |c 50951 |d 50951 | ||